人狼ジャッジメント役職クイズ - Statistics

General Stats
  • This quiz has been taken 30 times
  • The average score is 15 of 100
Answer Stats
陣営 役職 % Correct
市民 市民
100%
人狼 人狼
100%
市民 占い師
89%
人狼 狂人
84%
妖狐 妖狐
74%
ゾンビ ゾンビ
68%
恋人 恋人
68%
市民 狩人
53%
市民 パン屋
47%
市民 双子
47%
市民 霊能者
37%
人狼 狂信者
37%
市民 医者
32%
妖狐 子狐
32%
その他 てるてる坊主
32%
市民 女王
26%
市民 猫又
26%
人狼 ささやく狂人
26%
人狼 饒舌な人狼
26%
恋人 キューピット
26%
市民 賢者
21%
市民 独裁者
21%
市民 罠師
21%
人狼 賢狼
21%
人狼 大狼
21%
その他 サンタ
21%
市民 偽占い師
16%
市民 わら人形
16%
人狼 一匹狼
16%
人狼 黒猫
16%
人狼 強欲な人狼
16%
人狼 蘇る人狼
16%
妖狐 背徳者
16%
市民 赤ずきん
11%
市民 狼憑き
11%
市民 怪盗
11%
市民 家政婦
11%
市民 ギャンブラー
11%
市民 饒舌な狩人
11%
市民 奴隷
11%
市民 プリンセス
11%
市民 名探偵
11%
人狼 サイコ
11%
人狼 妖術師
11%
妖狐 背信者
11%
ゾンビ ゾンビマニア
11%
その他 ぶた男
11%
市民 暗殺者
5%
市民 生霊
5%
市民 貴族
5%
市民 ささやく双子
5%
市民 市長
5%
市民 新聞配達
5%
市民 聖職者
5%
市民 長老
5%
市民 呪われし者
5%
市民 迷惑な狩人
5%
人狼 一途な人狼
5%
人狼 能ある人狼
5%
妖狐 九尾の狐
5%
妖狐 饒舌な妖狐
5%
恋人 悪女
5%
その他 コウモリ男
5%
その他 殉教者
5%
その他 テレパシスト
5%
市民 イタコ
0%
市民 占い師の弟子
0%
市民 狼憑きの狩人
0%
市民 貴族の息子
0%
市民 幸福の梟
0%
市民 詩人
0%
市民 神父
0%
市民 人狼キラー
0%
市民 鉄の女
0%
市民 逃亡者
0%
市民 二丁拳銃
0%
市民 番犬
0%
市民 光の使徒
0%
市民 病人
0%
市民 魔女
0%
市民 巫女
0%
人狼 狼少女
0%
人狼 狼少年
0%
人狼 ギャンブル狂
0%
人狼 呪狼
0%
人狼 新種の人狼
0%
人狼 爆弾狂
0%
人狼 反逆の狂人
0%
人狼 闇の化身
0%
妖狐 ささやく背教者
0%
ゾンビ 囁くゾンビ博士
0%
その他 赤鼻のトナカイ
0%
その他 天邪鬼
0%
その他 銀色の影
0%
その他 ジキルとハイド
0%
その他 純愛者
0%
その他 ねずみ娘
0%
その他 復讐者
0%
その他 疫病神
0%
その他 酔っぱらい
0%
No matching quizzes found
Score Distribution
Percent of People with Each Score
Percentile by Number Answered
Your Score History
You have not taken this quiz